Kaanthamalacharitham: (Record no. 181975)

000 -LEADER
fixed length control field 00483nam a22001817a 4500
020 ## - INTERNATIONAL STANDARD BOOK NUMBER
ISBN 9789390118106
082 ## - DEWEY DECIMAL CLASSIFICATION NUMBER
Classification number M3
Item number VIS/K.1
100 ## - MAIN ENTRY--AUTHOR NAME
Personal name Vishnu M C
245 ## - TITLE STATEMENT
Title Kaanthamalacharitham:
Sub Title Akhinathente nidhi/ (Part 1)
Statement of responsibility, etc by Vishnu M C
250 ## - EDITION STATEMENT
Edition statement 12th ed.
260 ## - PUBLICATION, DISTRIBUTION, ETC. (IMPRINT)
Place of publication Palakkad:
Name of publisher Logos Books,
Year of publication 2026.
300 ## - PHYSICAL DESCRIPTION
Number of Pages 208p.
490 ## - SERIES STATEMENT
Series statement A Book Series From ERA Universe
650 ## - SUBJECT ADDED ENTRY--TOPICAL TERM
Topical Term Novel Malayalam
650 ## - SUBJECT ADDED ENTRY--TOPICAL TERM
Topical Term Literature Malayalam
650 ## - SUBJECT ADDED ENTRY--TOPICAL TERM
Topical Term Literature
942 ## - ADDED ENTRY ELEMENTS (KOHA)
Koha item type Book
Holdings
Withdrawn status Lost status Damaged status Not for loan Permanent Location Current Location Shelving location Date acquired Cost, normal purchase price Full call number Accession Number Price effective from Koha item type
        Sree Sankaracharya University of Sanskrit Sree Sankaracharya University of Sanskrit Stacks 03.06.2026 320.00 M3 VIS/K.1 109083 03.06.2026 Book